[Event "Salento op 5th"]
[Site "Gallipoli"]
[Date "2016.05.23"]
[Round "4"]
[White "Pijpers, Arthur"]
[Black "Wieczorek, Oskar"]
[Result "0-1"]
[WhiteElo "2471"]
[BlackElo "2432"]
[Annotator "Pijpers,A"]
[PlyCount "80"]
[EventDate "2016.05.21"]
[EventType "swiss"]
[EventRounds "9"]
[EventCountry "ITA"]
[SourceTitle "EXT 2017"]
[Source "ChessBase"]
[SourceDate "2016.10.25"]
[SourceVersion "1"]
[SourceVersionDate "2016.10.25"]
[SourceQuality "1"]

1. e4 c5 2. Nf3 d6 3. d4 cxd4 4. Nxd4 Nf6 5. Nc3 Nc6 6. Bg5 Qb6 $6 {This is an
inaccurate move order.} ({A better way to reach the position Oskar had in mind
is} 6... e6 7. Qd2 Qb6 8. Bxf6 (8. O-O-O $5 {is an alternative known from the
game Kasparov-Mchedlishvili}) 8... gxf6 9. Nb3 {.}) 7. Nb3 e6 8. Bf4 $1 Ne5 9.
Be3 Qc7 10. f4 Nc6 {In this position, and not counting the usual Qb6-c7 to
kick the knight back to b3, both sides have lost two tempi: Bc1-g5-f4-e3 and
Nc6-e5-c6. But from a normal move order White will never be able to get this
position, because 1. e4 c5 2. Nf3 Nc6 3. d4 cxd4 4. Nxd4 Qb6 5. Nb3 Nf6 6. Nc3
e6 7. Be3 Qc7 8. f4 is met not by 8...d6 (leading to this exact position) but
by 8...Bb4!.} ({The knight is forced to go back because} 10... Nc4 $2 {fails to
} 11. Nb5 Qc6 12. Bxc4 Qxc4 13. Qd3 {with a big advantage for white.}) 11. g4 {
The kingside assault starts. I think White is clearly better, but of course in
these Sicilians anything can still happen.} a6 12. g5 Nd7 13. Qf3 b5 14. O-O-O
(14. a3 {was a possible alternative to stop ...b4.}) 14... b4 {Now I have to
make a difficult choice. The simple Ne2 is perfectly fine of course, but I
decided to play the more ambitious Na4. The knight is more useful there, but
it is also almost trapped.} 15. Na4 $5 Bb7 16. Kb1 $6 {A lazy move.} ({
Stronger was} 16. Qf2 $1 {, immediately attacking the b6-square.}) 16... Ne7 {
Making way for the bishop to go to c6 and trap my knight.} 17. Nd4 ({Another
very interesting option that we both saw during the game was} 17. Rd4 $5 {
, e.g.} d5 18. Rxb4 dxe4 19. Qf2 Bd5 {with a very unclear position.}) 17... Qa5
$6 {A very logical way to play, and it is hard to blame Oskar for missing my
idea.} ({Best was probably} 17... Nf5 {.}) ({After the immediate} 17... Nc5 $2
{I had planned a nice trick:} 18. Nxc5 dxc5 19. Bb5+ $1) 18. b3 Nc5 19. Nxc5
dxc5 {Now if I have to retreat to e2 the position should be alright for Black.
But that was definitely not my intention!} 20. Nxe6 $3 {When your opponent
neglects his development you should always be looking for opportunities to
blast open the centre!} fxe6 21. Bc4 Qb6 {Almost forced, because otherwise I
will pick up e6 with two pawns and an ongoing attack for the piece. Now I must
decide between Qg4 and Qh3. It turns out both moves are good.} 22. Qh3 ({
I rejected} 22. Qg4 {because of} Bc8 {, but even here I can get a big
advantage with the really neat} ({if Black continues as in the game the queen
will be better placed on g4 than h3:} 22... Bxe4 23. Bxe6 Bxh1 24. Bd7+ Kf7 25.
Bxc5 Qg6 26. f5 {and White wins immediately because g5 is protected}) 23. f5
exf5 24. Qg3 $1) 22... Bxe4 $5 {A very brave decision. But the alternatives
were clearly bad for Black and Oskar couldn't see a refutation of this pawn
grab, so he went for it. Of course the computer engines will easily find a win
for White, but in the game I did not manage to do so.} ({The idea behind Qh3
was to meet} 22... Bc8 {with} 23. g6 $1 Nxg6 24. Qh5 {, winning.}) 23. Bxe6
Bxh1 24. Bd7+ ({The main alternative was} 24. Bxc5 {, but after} Qxc5 25. Bd7+
Kd8 26. Bc6+ Kc7 27. Qd7+ Kb6 {there is no mate, e.g.} 28. Qb7+ Ka5 29. Qc7+
Qb6 30. Qe5+ Nd5 31. Bxd5 Bd6) 24... Kf7 ({Now the king has to move the other
way, because} 24... Kd8 {loses to} 25. Bc6+ Kc7 26. Qd7+ Kb8 27. f5 {.}) 25.
Bxc5 $6 ({Very strong would have been} 25. Rxh1 $1 {and there is no reasonable
way to stop Bxc5.}) 25... Qg6 26. f5 Qxg5 27. Be6+ Ke8 28. Bd7+ Kf7 29. Be6+ (
29. Rxh1 $5 {is still a better try for an advantage, but it is already far
less clear than four moves ago.}) 29... Ke8 30. Qd3 {Threatening mate. Black
has three ways to prevent it, and only one of them saves the game.} Bc6 $2 ({
The correct way to defend was} 30... Nd5 $1 {. During the game I saw that I
had at least a perpetual after} 31. Bxd5 Bxc5 32. Bxa8 Bxa8 33. Qd7+ Kf8 34.
Qc8+ Kf7 35. Qe6+ Kf8 {and it turns out I have no more than that.}) (30... Bd5
$2 31. Bxd5 Rd8 {leaves White with several ways to win, for example} 32. Qe2 {.
}) 31. Bb6 $1 {Now the position is completely winning for White. But the
insane complications throughout the whole game cost both of us a lot of
thinking time and here we were almost down to increment, which caused many
mistakes in the final part of the game.} Nxf5 32. Bd7+ $6 (32. Qc4 $1 {would
have been immediately decisive.}) 32... Kf7 33. Bxc6 $6 ({Here I realised that
} 33. Qc4+ $1 {no longer leads to mate on e6 because the f5-pawn is gone, but
it shouldn't have been too difficult to see} Kg6 34. Qxc6+ {, just picking up
material and winning.}) 33... Rb8 $6 34. Qd5+ Kf6 35. Ba7 $6 (35. Re1 $1) 35...
Bd6 $6 (35... Qf4 $1) 36. Bxb8 $4 {With just seconds left I panic and decide
to take material.} ({The position was still winning, for example with} 36. Bd4+
Ke7 37. Re1+ Kd8 38. Qf7 Be7 39. Qe6) 36... Bxb8 {And with the bishop pair
gone I no longer have enough pieces for a successful attack.} 37. Re1 g6 38.
Qd7 Qf4 39. Qe6+ Kg7 40. Be8 Rf8 {The time control has been made and I'm just
a piece down, so I resigned. A crazy game!} 0-1

[Event "Amsterdam Euwe Memorial"]
[Site "Amsterdam"]
[Date "1991.??.??"]
[Round "8"]
[White "Short, Nigel D"]
[Black "Salov, Valery"]
[Result "1/2-1/2"]
[WhiteElo "2635"]
[BlackElo "2645"]
[Annotator "Salov,V"]
[PlyCount "129"]
[EventDate "1991.05.??"]
[EventType "tourn"]
[EventRounds "9"]
[EventCountry "NED"]
[EventCategory "16"]
[SourceTitle "CBM 023"]
[Source "ChessBase"]
[SourceDate "1991.08.01"]
[SourceVersion "1"]
[SourceVersionDate "1991.08.01"]
[SourceQuality "1"]

1. e4 c5 2. Nf3 Nc6 3. d4 cxd4 4. Nxd4 Nf6 5. Nc3 d6 6. Bg5 Bd7 7. Be2 Qa5 8.
Bxf6 gxf6 9. Nb3 Qg5 10. Nd5 O-O-O 11. O-O Rg8 12. g3 f5 13. f4 Qg7 14. exf5
Bxf5 15. Bf3 Bg4 16. c4 {TN} (16. Bxg4+ Qxg4 17. Qd2 h5 18. Na5 h4 19. Nxc6
bxc6 20. Qc3 Kd7 21. Ne3 Qg7 $15 {Timmerman-Cifuentes Parada,Dieren 1988})
16... h5 17. Bxg4+ Qxg4 18. Ne3 $5 (18. Qxg4+ hxg4 $15) 18... Qxd1 (18... Qh3
19. Rf3 Bg7 20. g4 Qh4 21. g5 $13) 19. Raxd1 Bg7 $15 {Black got slight edge
due to the superiority of his excellent bishop over the clumsy Nb3.} 20. Rd2 e6
21. Kf2 Kc7 22. Rfd1 f5 23. Kf3 Bh8 $2 (23... a5 $1 24. Nc1 Nb4 $1 {with the
further itinerary b4-a6-c5-e4; white will have no time to exchange this knight}
) 24. Nc1 $1 a5 25. Ne2 Nb4 26. b3 Rg6 (26... Na6 27. Nc2 Nc5 28. Ncd4 $132)
27. Nc2 $1 Nxc2 (27... Nxa2 $2 28. Na3 $1) 28. Rxc2 $10 Bf6 29. h3 Kc6 30. Rd3
b6 31. Rcd2 Kc5 32. Re3 Bh8 33. Nc1 Rdg8 34. Ne2 Rd8 35. Red3 (35. Nc1 Bd4 $5
36. Red3 $1 e5 37. Kg2 h4 38. Ne2 Rdg8 $13) 35... Rd7 36. h4 Kc6 37. Kf2 Rg8
38. Ng1 Bf6 39. Nf3 Re8 40. Ng5 Bh8 41. Rd1 $6 Bb2 $15 42. Nf3 Kc7 43. a4 Ba3
44. Kg2 Bc5 45. Re1 Rde7 (45... Rg7 $5 46. Nd4 Bxd4 47. Rxd4 e5 $15) 46. Nd4 $1
Bxd4 47. Rxd4 Kc6 48. Kf3 Rg8 49. Rd3 Rg6 50. Ree3 Rd7 51. Ke2 Rc7 52. Kd2 Kd7
53. Rd4 Rc6 54. Red3 Ke7 55. Ke2 Rg8 56. Kf2 Rd8 57. Ke2 Rc5 58. Kd2 d5 59. Ke2
dxc4 60. Rxd8 cxd3+ 61. Rxd3 $10 b5 62. axb5 Rxb5 63. Ke3 Rb4 64. Kd2 e5 65.
fxe5 1/2-1/2

[Event "Amsterdam Euwe Memorial"]
[Site "Amsterdam"]
[Date "1991.??.??"]
[Round "6"]
[White "Timman, Jan H"]
[Black "Salov, Valery"]
[Result "0-1"]
[WhiteElo "2630"]
[BlackElo "2645"]
[Annotator "Salov,V"]
[PlyCount "100"]
[EventDate "1991.05.??"]
[EventType "tourn"]
[EventRounds "9"]
[EventCountry "NED"]
[EventCategory "16"]
[SourceTitle "CBM 023"]
[Source "ChessBase"]
[SourceDate "1991.08.01"]
[SourceVersion "1"]
[SourceVersionDate "1991.08.01"]
[SourceQuality "1"]

1. e4 c5 2. Nf3 Nc6 3. d4 cxd4 4. Nxd4 Nf6 5. Nc3 d6 6. Bg5 Bd7 7. Be2 Qa5 8.
Bxf6 gxf6 9. O-O (9. Nb3 $142) 9... Nxd4 10. Qxd4 Rc8 11. Nd5 {TN} (11. Kh1 Qc5
12. Qd2 Bg7 13. Bd3 f5 14. Nd5 Kf8 15. b4 $13 {Chandler-Zaitshik, Palma de
Mallorca(GMA)1989}) 11... Qc5 (11... Rxc2 $2 12. b4 Qa3 $8 13. Bd1 Rc8 (13...
Rxa2 14. Rxa2 Qxa2 15. Bh5 $40) 14. Bb3 Bg7 15. Rad1 $44) 12. Qxc5 Rxc5 $15 {
Black has the upper hand here due to his pair of bishops.} 13. Bd3 Bg7 14. Rad1
e6 (14... f5 $2 15. b4 $1 fxe4 16. bxc5 exd3 17. Rxd3 dxc5 18. Rfd1 $18) 15.
Ne3 Ke7 16. c3 b5 17. f4 Rb8 18. a3 a5 19. Nc2 Rb6 (19... d5 20. exd5 Rxd5 21.
Ne3 Rd6 22. Rfe1 $132) 20. Rde1 h5 21. Rf3 (21. Re3 d5 22. e5 fxe5 23. fxe5 Be8
$15) 21... Bh6 22. Ref1 e5 23. f5 (23. fxe5 dxe5 $17) 23... h4 24. Be2 Bc8 (
24... Rc4 $5 25. Bxc4 bxc4 26. Ne3 Bxe3+ 27. Rxe3 Rxb2 28. Rf2 Rb3 29. a4 $13)
25. Rd3 Bb7 $6 (25... Rc4 $142 26. Bf3 d5 27. Rxd5 Bb7 $15) 26. Bf3 Rc4 27. Re1
Bf4 28. b3 $1 Rc7 29. Ne3 Bxe3+ $6 (29... Ra6 $10) 30. Rexe3 b4 31. axb4 axb4
32. c4 Ra6 33. Rd2 Ra3 34. Kf2 Bc6 35. Bd1 $6 (35. g3 $142 $14) 35... Ra1 36.
Kf3 $6 Rca7 37. Red3 R7a6 38. Ke3 Be8 39. Kf2 R1a2 $15 40. Kf3 Rxd2 41. Rxd2
Bc6 42. Bc2 Ra2 43. Ke3 Rb2 44. Re2 Kd7 45. Rd2 Kc7 46. g3 $2 (46. Re2 $142)
46... hxg3 47. h4 $2 (47. hxg3 $142 $17) 47... Ba4 $3 $19 {a nasty surprise!}
48. Re2 (48. bxa4 b3 $19) (48. h5 Bxb3 49. h6 Bxc2 50. h7 Rb3+ 51. Ke2 g2 $19)
48... Bxb3 49. Bd3 Rxe2+ 50. Kxe2 Bd1+ $1 0-1

[Event "Beersheba-Peterburg Kings m"]
[Site "St Petersburg"]
[Date "1999.06.06"]
[Round "2"]
[White "Khalifman, Alexander"]
[Black "Avrukh, Boris"]
[Result "1/2-1/2"]
[WhiteElo "2616"]
[BlackElo "2609"]
[Annotator "Tsesarsky,I"]
[PlyCount "134"]
[EventDate "1999.06.??"]
[EventType "schev"]
[EventRounds "10"]
[EventCountry "RUS"]
[SourceTitle "CBM 072"]
[Source "ChessBase"]
[SourceDate "1999.10.01"]
[SourceVersion "1"]
[SourceVersionDate "1999.10.01"]
[SourceQuality "1"]

{[%mdl 256]} 1. e4 c5 2. Nf3 d6 3. d4 cxd4 4. Nxd4 Nf6 5. Nc3 Nc6 6. Bg5 e6 7.
Qd2 Qb6 8. Nb3 Be7 9. Bxf6 (9. Be2 O-O (9... a6 10. a4 Qc7 11. a5 Bd7 12. f3 h6
13. Be3 Ne5 14. Na4 Bxa4 (14... Bb5 15. Nb6 Rd8 16. Bxb5+ axb5 17. Nd4 $16 {
0-1 Van Herck,M-Kristiansen,J/Graz 1972 (34)}) 15. Rxa4 d5 16. exd5 Nxd5 17.
Bf2 (17. O-O O-O $11 (17... Nxe3 18. Qxe3 O-O $11)) 17... Bg5 18. Qd1 O-O 19.
c3 $11) 10. Be3 Qc7 11. f4 Rd8 (11... a6 12. O-O (12. a4 b6 13. O-O Rd8 14. Bf3
Rb8 15. Qe2 Na5 $11 {1-0 Stisis,Y-Shmuter,L/Tel Aviv ISR 1999 (42)}) 12... b5
13. Bf3 Bb7 14. a3 Nd7 15. Qf2 Na5 16. Nxa5 Qxa5 17. Rfd1 Rac8 18. Kh1 {
1/2-1/2 Jimenez Zerguera,E-Perez,F/Havana 1965 (18)}) 12. O-O $11 (12. O-O-O a6
13. g4 b5 14. g5 (14. Bf3 Nd7 15. Qf2 (15. g5 Nb6 16. Qf2 Nc4 17. h4 b4 18. Nb1
a5 $15 {0-1 Prasad,D-Greenfeld,A/Biel SUI 1999 (27)}) 15... Bb7 $132) 14... b4
15. gxf6 bxc3 16. Qxc3 Bxf6 17. Nd4 Bd7 $132)) (9. h4 a6 10. h5 h6 11. Bxf6
gxf6 12. O-O-O Bd7 13. Rh3 O-O-O 14. Kb1 Kb8 15. Rd3 Rhg8 16. f4 Bc8 17. Qe1
$14 {1-0 Garcia,S-Smyslov,V/Sochi 1974/Inf 18 (33)}) (9. Be3 Qc7 10. f3 O-O 11.
g4 a6 12. g5 Nd7 13. h4 b5 14. a3 Nde5 15. Be2 Rb8 $132 {1-0 Mc Donald N
R-Gufeld E Y/it shv. 1987 (36)}) 9... Bxf6 $146 (9... gxf6 $6 10. Be2 Bd7 11.
O-O Ne5 12. a4 O-O 13. a5 $16 {1-0 Sutovsky,E-Avrukh,B/Tel Aviv ISR 1999 (25)})
10. Qxd6 Be5 11. Qc5 $14 (11. Qd2 O-O 12. Bd3 a5 13. a4 Rd8 14. f4 Bxc3 15.
bxc3 e5 16. Rf1 $44 (16. f5 $6 Bxf5 $1 17. Qf2 (17. exf5 e4 18. Nc1 Ne5 $17)
17... Qxf2+ 18. Kxf2 Bc8 (18... Bg6 19. Rab1 Rab8 20. Nc5 b6 21. Na6 Rb7 22.
Nc5 Rbb8 23. Na6 $11) 19. Rhb1 Rd7 20. Nd2 Rc7 $15 {1/2-1/2 Bologan,V-Avrukh,B/
Biel SUI 1999 (45)})) (11. Qa3 $6 {In the game Sutovsky-Avrukh this move was
recommended by Tsesarsky. This recomendation is wrong - Tsesarsky.} Nb4 $1 (
11... Nd4 $2 12. Nxd4 Bxd4 13. Bb5+ Bd7 14. Bxd7+ Kxd7 15. O-O $16) (11...
Bxc3+ 12. bxc3 e5 13. Qc5 Qxc5 14. Nxc5 Ke7 15. Bb5 Kd6 $44) 12. O-O-O a5 13.
Qa4+ Ke7 14. a3 Nc6 15. f3 Qe3+ 16. Kb1 Bxc3 17. bxc3 Qxc3 18. Bb5 Rd8 19. Rxd8
Nxd8 20. Rd1 e5 21. Qc4 Qxc4 22. Bxc4 $11) 11... Qxc5 12. Nxc5 Ke7 (12... O-O
$5 13. Bb5 (13. O-O-O b6 14. Bb5 (14. Nd3 Bxc3 15. bxc3 Bb7 (15... e5 16. Nb4
Bb7 17. Ba6 $16) 16. Be2 Rac8 $44) 14... bxc5 15. Bxc6 Rb8 16. Na4 Ba6 17. Nxc5
Be2 18. Nd7 Bxb2+ 19. Kd2 Bxd1 20. Nxb8 Rxb8 21. Rxd1 (21. Kxd1 Rb6 22. Ba4 Rb4
$11) 21... Rd8+ 22. Ke2 Rxd1 23. Kxd1 Kf8 $11) 13... Nb4 14. O-O-O b6 15. Nd3
Bxc3 16. bxc3 Ba6 17. cxb4 Bxb5 18. Kb2 $14) 13. Bb5 Nd4 (13... Nb4 14. O-O-O
$16) 14. O-O-O (14. Ba4 b6 (14... a6 15. Nd3 Bc7 16. O-O-O b5 17. Bb3 Rd8 18.
Kb1 (18. g3 a5 19. Nf4 Be5 20. Bd5 Rb8 21. Nd3 Bc7 $17) 18... a5 19. a4 (19.
Rd2 a4 20. Bd5 exd5 21. Nxd5+ Kd6 22. N3b4 Ne6 23. Nb6+ Kc5 24. Rxd8 Bxd8 25.
Nxa8 Kxb4 $17) (19. Ne1 Ne2 20. Rxd8 Nxc3+ 21. bxc3 Kxd8 22. a4 bxa4 23. Bxa4
$15) 19... Nxb3 (19... Rb8 20. Nxb5 Nxb5 21. axb5 Rxb5 $14) 20. Nxb5 $1 Bb7 21.
Nxc7 Rac8 22. f3 (22. cxb3 Bxe4 23. Ka2 Bxd3 24. Rc1 $14) 22... Nd4 23. Nb5
Nxc2 $14) 15. Nd3 Bc7 16. O-O-O $16) 14... Rd8 15. Nb3 (15. Bc4 a6 16. Nd3 Bc7
17. a3 b5 18. Ba2 (18. Nb4 Be5 19. Nd3 Bc7) 18... a5 19. Nc5 b4 20. Nd5+ exd5
21. Rxd4 bxa3 22. bxa3 Bd6 23. Rxd5 Be6 24. Nxe6 Bxa3+ 25. Kd2 fxe6 $44) 15...
Nxb5 (15... Nxb3+ 16. axb3 Rxd1+ 17. Rxd1 a6 18. Be2 Bd7 19. g3 Bc6 20. f3 $14)
16. Nxb5 Bd7 17. N5d4 Rac8 18. g3 (18. c3 Ba4 19. Nf3 Bf4+ 20. Kc2 Bc6 21. Rxd8
Rxd8 22. Re1 $14) 18... Rc4 19. c3 Bc7 20. Rhe1 b5 21. Nc2 (21. Rd3 $1 b4 (
21... e5 22. Nc2 (22. Nf5+ Bxf5 23. Rxd8 Kxd8 24. exf5 b4 (24... Ke7 25. f4 Kf6
26. fxe5+ Bxe5 (26... Kxf5 27. Nd4+ $18) 27. Nd2 Rc6 28. Rf1 b4 29. Ne4+ Ke7
30. Kc2 bxc3 31. bxc3 $16) 25. Kc2 bxc3 26. bxc3 Ra4 27. Rd1+ Kc8 (27... Ke7
28. Nc5 $1 $16) 28. Kb2 $16) 22... Bb6 23. f3 {like in this game}) 22. Nd2 Rc5
23. c4 Bb5 $5 24. b3 Be5 25. N2f3 Bc7 (25... Bxc4 26. bxc4 Rxc4+ 27. Nc2 Rdc8
28. Re2 $16) 26. Red1 Bd7 27. h4 a6 28. Nc2 $16) 21... Bb6 22. f3 Rdc8 23. Kb1
(23. Rd3 b4 24. Red1 Bb5 25. Ncd4 Ba6 26. Kc2 R4c7 27. Re3 e5 28. Nf5+ Kf8 $17)
23... a5 24. a3 h5 25. Rd3 $16 (25. Rd2 $16) 25... h4 26. Red1 (26. gxh4 $6 Rh8
27. Red1 Rc7 28. R1d2 Rxh4 29. Nbd4 Rh3 $14) 26... R4c7 27. g4 (27. Nbd4 $1
hxg3 28. hxg3 g5 (28... Rh8 29. Ne3 Rh3 (29... Kf6 30. f4 $16) 30. Ndf5+ Kd8
31. Nd6 Ke7 32. Nxf7 Kxf7 33. Rxd7+ Rxd7 34. Rxd7+ Ke8 35. Rd3 Rxg3 36. Nc2 e5
37. b4 (37. Rd5 Bc7 38. Rxb5 Rxf3 $44) 37... g5 38. Rd5 Bc7 39. bxa5 Bxa5 (
39... Rxf3 40. a6 $18) 40. Rxe5+ Kd7 41. Rd5+ Ke8 42. c4 $16) 29. Ne3 Rh8 (
29... Bc5 30. Ndf5+ exf5 31. Nd5+ Ke8 32. Nf6+ Ke7 33. Nxd7 fxe4 34. Rd5 f6 (
34... exf3 35. Re5+ Kd8 36. Nxc5+ $18) 35. fxe4 $16) (29... Kf6 30. Ndf5 $16)
30. Ndf5+ $1 $18) 27... h3 28. Nbd4 g5 29. Ne3 Kf6 30. Ndc2 (30. Nf1 $1 Be8 (
30... Ke5 31. f4+ $3 gxf4 (31... Kxe4 32. Ng3+ Kd5 (32... Kxf4 33. Re1 Bc6 34.
Nxc6 $18) 33. Nxb5+ $18) 32. Nf3+ Kxe4 (32... Kf6 33. Rxd7 $18) 33. Kc2 $18 {
[%csl Re4][%cal Gf1d2]}) 31. Ng3 Ke5 32. Ndf5 $1 {[%cal Gf5d6]} exf5 33. Rd5+
Ke6 34. Rd6+ Ke7 (34... Ke5 35. R1d5+ Kf4 36. Rxf5+ Ke3 37. Rxb6 $18) 35. Nxf5+
$18) (30. Ndf5 $5 Bc6 31. Nd6 Rd8 32. e5+ Kg6 33. Nf1 Rcd7 34. Ng3 f6 35. exf6
Bg1 36. Rxg1 Rxd6 37. Rxd6 Rxd6 38. Kc2 Kf7 (38... Bxf3 39. Rf1 $18) (38...
Kxf6 39. Nh5+ Ke7 40. f4 $16) 39. Rf1 Kxf6 40. Re1 $16) 30... Bc6 31. Nd4 Be8
32. Ndf5 Bc6 33. Nd4 (33. Nd6 $16) 33... Be8 34. Nec2 Ke5 35. Re1 $6 {The game
without the certain plan does not lead up to goods.} (35. R1d2 $16) 35... Rc4
36. Ne3 R4c7 37. Nec2 Rc4 38. Re2 $2 $11 (38. Red1 $16) 38... b4 $1 {Avrukh
immediately uses the kindly given opportunity.} 39. axb4 axb4 40. Ne3 (40. Nxb4
Rxb4 41. f4+ Kxf4 (41... gxf4 42. Nf3+ Kf6 43. e5+ Ke7 44. cxb4 Bb5 45. Red2
Bxd3+ 46. Rxd3 Rc4 $11) 42. cxb4 Rd8 43. Rf3+ (43. Nxe6+ fxe6 44. Rxd8 Bxd8 45.
Rf2+ Kxg4 46. Rf8 Bc7 47. Rxe8 Bxh2 48. Rxe6 Bg3 49. Rf6 Bf4 50. Rh6 h2 51. Kc2
Bg3 52. Rxh2 Bxh2 $19) 43... Kxg4 44. Rg3+ Kf4 45. Nb3 $132) 40... R4c7 41. Nd1
Ba4 42. Nf2 (42. Red2 Bxd1 43. Rxd1 bxc3 44. bxc3 Rxc3 45. Nb5 Rxd3 46. Rxd3
Bg1 $19) 42... bxc3 43. f4+ Kf6 (43... gxf4 44. g5 {[%csl Re5][%cal Gd4f3]} c2+
45. Kc1 Kd6 46. Nb5+ Ke7 47. Nxc7 Rxc7 48. Rxh3 e5 49. Rf3 Bd4 50. Nd3 Bb3 51.
h4 Ra7 52. Kd2 Rd7 53. Kc1 Ra7 54. Kd2 Rd7 $11) 44. fxg5+ Kg6 (44... Kxg5 45.
Nxh3+ Kf6 (45... Kxg4 46. Rg2+ Kh4 47. Nf4 $18 {[%csl Rh4][%cal Gd3h3]}) 46.
e5+ Ke7 47. Ng5 c2+ 48. Kc1 Rd7 $44) 45. Nxh3 c2+ 46. Kc1 Ra7 (46... Rh8 47.
Nf4+ Kxg5 48. Ndxe6+ fxe6 49. Nxe6+ Kh4 50. Nxc7 Bxc7 $44) 47. Rc3 (47. Rf2
Bxd4 48. Rxd4 Bb3 49. Nf4+ Kxg5 50. Ne2 Ra1+ 51. Kd2 Rd1+ 52. Ke3 Re1 $19)
47... Rxc3 48. bxc3 Bxd4 49. cxd4 Rb7 50. Rxc2 Bxc2 51. Kxc2 $44 Rb8 52. Kc3
Rh8 53. Nf4+ Kxg5 54. Nd3 Kf6 (54... Rxh2 55. d5 exd5 56. exd5 f6 57. d6 Kxg4
58. d7 Rh8 59. Nc5 Rd8 60. Kd4 f5 61. Ke5 f4 62. Ne6 Rxd7 63. Nxf4 $11) 55. d5
exd5 56. exd5 Rxh2 57. Kd4 Rg2 (57... Rd2 58. Ke4 Rd1 59. Kd4 Ke7 60. Ke4 Kd6
61. Kd4 f6 (61... Rg1 62. Nf2 Rg2 63. Ne4+ Kd7 64. g5 $44) 62. Ke4 Rg1 63. Kf5
$11) 58. d6 (58. Ne5 Rg1 $19) 58... Ra2 59. Nc5 Rd2+ 60. Kc3 Rd1 61. Kc4 Ke5
62. d7 Rd4+ 63. Kb5 Rd6 64. Kc4 Kf4 (64... f6 65. Kb4 $11) 65. Kb5 Ke5 66. Kc4
Rd4+ 67. Kb5 Rd6 1/2-1/2